| LEADER 01174nam 2200277 a 4500 |
| 001 12334104684 |
| 003 ULIB |
| 008 030417s2551 th a sb 001 0 tha |
| 020 ^a978-974-974-9510-27-8
|
| 060 04 ^aWS100 ต367 2551
|
| 100 0 ^aนิชรา เรืองดารกานนท์
|
| 245 10 ^aตำราพัฒนาการและพฤติกรรมเด็ก /^c นิชรา เรืองดารกานนท์ บรรณาธิการ และคณะ
|
| 250 ^aพิมพ์ครั้งที่ 1
|
| 260 ^aกรุงเทพฯ :^bโฮลิสติก พับลิชชิ่ง, ^c2551
|
| 300 ^a456 หน้า
|
| 650 7 ^aกุมารเวชศาสตร์
|
| 650 7 ^aพัฒนาการของเด็ก
|
| 650 7 ^aพฤติกรรมของเด็ก
|
| 650 7 ^aเด็ก^xสุขภาพและอนามัย
|
| 700 ^aนิชรา เรืองดารกานนท์,^eบรรณาธิการ
|
| 700 0 ^aชาคริยา ธีรเนตร,^eบรรณาธิการ
|
| 700 0 ^aรวิวรรณ รุ่งไพรวัลย์,^eบรรณาธิการ
|
| 700 0 ^aทิพวรรณ หรรษณาชัย,^eบรรณาธิการ
|
| 700 0 ^aนิตยา คชภักดี,^eบรรณาธิการ
|
| 913 ^aImported by ULIBM Administrator
|
| 949 ^aImport form external file by ULIBM system
|
| 999 ^aอรทัย
|